Datum a čas kvízu
36.5
Celkem bodů
Celkový počet nahraných bodů na tomto kvízu bez doplňovacích otázek.
1.
Pořadí na kvízu
Konečné umístění týmu na tomto kvízu.
Zaznamenané odpovědi
| # | Otázka | Odpověď | Body | Výsledky |
|---|---|---|---|---|
| 1. | Ke kácení stromů ve většině př... | trhavinu | 1 | |
| 2. | Překvapení minulý týden neskrý... | policie | 1 | |
| 3. | Pořadatelé filmového festivalu... | George Lucas | 1 | |
| 4. | Andrej Babiš se na sociálních... | Věra Jourová | 1 | |
| 5. | Ze soboty na neděli se v Las V... | (UFC) 300 | 0 | |
| 6. | V pěti otázkách tohoto tématu... | fyziologický roztok | 1 | |
| 7. | Jaká je denní dávka kuchyňské... | B | 1 | |
| 8. | Tato sůl získala své růžové zb... | himálajská | 1 | |
| 9. | Jak zní obchodní název takzvan... | Praganda | 1 | |
| 10. | Jeden z nejznámějších a nejsta... | D) Wieliczka | 1 |